[Event "1st Women FIDE GP Series 2015/16"]
[Site "Monaco MNC"]
[Date "2015.10.06"]
[Round "4"]
[White "Muzychuk, A."]
[Black "Hou Yifan"]
[Result "1/2-1/2"]
[WhiteElo "2549"]
[BlackElo "2671"]
[PlyCount "87"]
[EventDate "2015.10.03"]

1. d4 Nf6 2. c4 e6 3. g3 Bb4+ 4. Bd2 a5 5. Bg2 O-O 6. Nf3 b6 7. O-O Bb7 8. Bg5
Be7 9. Nc3 h6 10. Bxf6 Bxf6 11. e4 d6 12. e5 dxe5 13. dxe5 Be7 14. Qe2 Qc8 15.
Rfd1 a4 16. Nd4 Bxg2 17. Kxg2 Qb7+ 18. Qe4 Qxe4+ 19. Nxe4 Rd8 20. f4 Kf8 21. h4
c6 22. Kf3 Ra7 23. Ke2 Rad7 24. Nf3 Na6 25. Rxd7 Rxd7 26. Rd1 Rxd1 27. Kxd1 a3
28. bxa3 Bxa3 29. Nd4 Nb4 30. Nc2 Nxc2 31. Kxc2 h5 32. Kb3 Bc1 33. a4 Ke7 34.
c5 Be3 35. cxb6 Bxb6 36. Kb4 Be3 37. a5 f5 38. Nd6 Kd7 39. Nb7 Ba7 40. a6 Ke7
41. Nc5 Bb6 42. Na4 Ba7 43. Ka5 Kd7 44. Kb4 1/2-1/2

[Event "1st Women FIDE GP Series 2015/16"]
[Site "Monaco MNC"]
[Date "2015.10.06"]
[Round "4"]
[White "Skripchenko, A."]
[Black "Pogonina, N."]
[Result "1/2-1/2"]
[WhiteElo "2441"]
[BlackElo "2445"]
[PlyCount "41"]
[EventDate "2015.10.03"]

1. e4 e5 2. Nf3 Nc6 3. Nc3 Nf6 4. Bb5 Nd4 5. Nxd4 exd4 6. e5 dxc3 7. exf6 Qxf6
8. dxc3 Qe5+ 9. Be2 Bc5 10. O-O O-O 11. Bd3 d5 12. Qf3 Bd6 13. g3 c6 14. Be3
Qe6 15. Qh5 g6 16. Qh6 Re8 17. Rfe1 Bf8 18. Qf4 Bd6 19. Qh6 Bf8 20. Qf4 Bd6 21.
Qh6 1/2-1/2

[Event "Pokerstars International Open 2015"]
[Site "Douglas ENG"]
[Date "2015.10.06"]
[Round "4"]
[White "Tiviakov, Sergei"]
[Black "Harika, Dronavalli"]
[Result "1-0"]
[WhiteElo "2612"]
[BlackElo "2516"]
[PlyCount "77"]
[EventDate "2015.09.02"]

1. e4 e5 2. Nf3 Nc6 3. Bb5 Nf6 4. Qe2 Bc5 5. c3 O-O 6. d3 Re8 7. Bg5 h6 8. Bh4
Bf8 9. Nbd2 d6 10. Ba4 a5 11. Nc4 Be7 12. Ne3 Rb8 13. Bb5 Rf8 14. a4 Be6 15.
O-O Nh5 16. Bg3 Bf6 17. Rfd1 g6 18. Bc4 Bg7 19. d4 Nxg3 20. hxg3 exd4 21. Nxd4
Bxc4 22. Nxc4 Nxd4 23. cxd4 c6 24. d5 Qc7 25. Rac1 cxd5 26. Rxd5 Qc6 27. Ra1
Rfc8 28. Nxd6 Rd8 29. Rad1 Qxa4 30. e5 Rf8 31. Rb5 b6 32. f4 Qa2 33. f5 Rfd8
34. e6 fxe6 35. fxe6 Kh7 36. e7 Rxd6 37. Rxd6 Qg8 38. Rbd5 Re8 39. Rd8 1-0

[Event "Pokerstars International Open 2015"]
[Site "Douglas ENG"]
[Date "2015.10.07"]
[Round "5"]
[White "Harika, Dronavalli"]
[Black "Berry, Neil"]
[Result "1-0"]
[WhiteElo "2516"]
[BlackElo "2355"]
[PlyCount "131"]
[EventDate "2015.09.02"]

1. c4 e6 2. Nc3 d5 3. d4 Bb4 4. Nf3 Nf6 5. cxd5 exd5 6. Bf4 c6 7. e3 Bf5 8. Qb3
Qb6 9. Nh4 Be6 10. Bd3 Ne4 11. Qc2 Nd7 12. Nf3 Ndf6 13. O-O Bd6 14. Be5 Nxc3
15. Bxd6 Nce4 16. Ba3 Qd8 17. Ne5 Nd6 18. f4 O-O 19. Qc5 Nfe8 20. f5 Bc8 21.
Rae1 f6 22. Nf3 Rf7 23. Qc2 Nc7 24. b3 a5 25. g4 Na6 26. Qg2 Nb4 27. Bb1 Ne4
28. Bxe4 dxe4 29. Nh4 Qd5 30. Bxb4 axb4 31. Rf4 Bd7 32. Re2 Re7 33. g5 fxg5 34.
Qxg5 Rf7 35. Ref2 c5 36. dxc5 Qxc5 37. Rg4 Rc8 38. Kg2 Qe5 39. f6 Qxg5 40. Rxg5
Rcf8 41. Rxg7+ Rxg7+ 42. fxg7 Kxg7 43. Rxf8 Kxf8 44. Kg3 Bb5 45. Nf5 Bd3 46.
Nd6 Ke7 47. Nxb7 Ke6 48. Kf4 Kd5 49. Na5 h5 50. Nc4 Bc2 51. Kf5 Bd3 52. Nd2 Be2
53. Nc4 Bd1 54. Ne5 Bc2 55. Kf4 Bb1 56. Nc4 Bc2 57. h3 Bd1 58. Nd2 Bc2 59. Kg5
Bd1 60. Nf1 Ke5 61. Ng3 Bc2 62. Ne2 Bd3 63. Nd4 Bb1 64. Nc6+ Kd5 65. Nxb4+ Kc5
66. a3 1-0

[Event "1st Women FIDE GP Series 2015/16"]
[Site "Monaco MNC"]
[Date "2015.10.08"]
[Round "5"]
[White "Cramling, Pia"]
[Black "Khademalsharieh, Sarasadat"]
[Result "1-0"]
[WhiteElo "2513"]
[BlackElo "2397"]
[PlyCount "105"]
[EventDate "2015.10.03"]

1. Nf3 Nf6 2. c4 e6 3. g3 d5 4. Bg2 dxc4 5. Qa4+ Nbd7 6. O-O a6 7. Qxc4 c5 8.
d3 b5 9. Qc2 Bb7 10. Nc3 Be7 11. a4 Bc6 12. Nh4 Bxg2 13. Nxg2 Rb8 14. axb5 axb5
15. Bf4 Rb7 16. Ra6 O-O 17. Rfa1 Nb8 18. Ra8 Qd7 19. Ne1 Nc6 20. Nf3 Ra7 21.
R8xa7 Nxa7 22. Qb3 Nd5 23. Ne5 Qb7 24. Nxd5 exd5 25. Qa2 Nc8 26. Qa6 Qxa6 27.
Rxa6 Re8 28. Nd7 Rd8 29. Nb8 Bf8 30. Nc6 Re8 31. Kf1 Re6 32. Nb8 Rxa6 33. Nxa6
Nb6 34. Nc7 b4 35. Ke1 c4 36. Be3 Na4 37. Bd4 Bc5 38. Bxc5 Nxc5 39. Nxd5 cxd3
40. Nxb4 dxe2 41. Kxe2 Kf8 42. Nd5 Nb3 43. Kd3 Ke8 44. Nf4 Ke7 45. Kc3 Nc5 46.
Nd3 Nd7 47. Kd4 Kd6 48. b4 h5 49. Nc5 Ne5 50. Ne4+ Ke6 51. h4 f6 52. b5 Kd7 53.
Kd5 1-0

[Event "1st Women FIDE GP Series 2015/16"]
[Site "Monaco MNC"]
[Date "2015.10.08"]
[Round "5"]
[White "Koneru, Humpy"]
[Black "Dzagnidze, Nana"]
[Result "1-0"]
[WhiteElo "2578"]
[BlackElo "2573"]
[PlyCount "65"]
[EventDate "2015.10.03"]

1. d4 Nf6 2. c4 e6 3. Nc3 Bb4 4. f3 d5 5. a3 Bxc3+ 6. bxc3 O-O 7. cxd5 exd5 8.
e3 Bf5 9. Ne2 Nbd7 10. Nf4 Nb6 11. Kf2 Rc8 12. g4 Bxg4 13. fxg4 Ne4+ 14. Kg1
Qh4 15. Qe2 c5 16. Bd2 Nxd2 17. Qxd2 Rfe8 18. Be2 cxd4 19. cxd4 Nc4 20. Bxc4
Rxc4 21. Rc1 Qxg4+ 22. Kf2 Qh4+ 23. Kf3 Rxc1 24. Rxc1 g5 25. Rg1 Kh8 26. Qg2 f6
27. Nxd5 Qe4+ 28. Kf2 Qc2+ 29. Kg3 Qc6 30. Qf3 Kg7 31. Rf1 Re6 32. e4 Rd6 33.
Ne7 1-0

[Event "1st Women FIDE GP Series 2015/16"]
[Site "Monaco MNC"]
[Date "2015.10.08"]
[Round "5"]
[White "Hou, Yifan"]
[Black "Skripchenko, Almira"]
[Result "1-0"]
[WhiteElo "2671"]
[BlackElo "2441"]
[PlyCount "147"]
[EventDate "2015.10.03"]

1. c4 Nf6 2. g3 g6 3. b3 Bg7 4. Bb2 d6 5. Bg2 e5 6. e3 Nc6 7. Ne2 O-O 8. Nbc3
Re8 9. d3 Be6 10. a3 Qd7 11. h3 a5 12. Rc1 Rab8 13. Qd2 h6 14. Nd5 Nh7 15. d4
f5 16. Ndc3 Bf7 17. dxe5 Nxe5 18. O-O Nf6 19. Rfd1 Ne4 20. Qc2 g5 21. f4 Nxc3
22. Nxc3 Ng6 23. Rd3 b6 24. Nd5 Bxb2 25. Qxb2 Bxd5 26. cxd5 Qf7 27. Bf3 Re7 28.
Qd4 Kh7 29. Rdc3 Rg8 30. Kf2 Qg7 31. Qxg7+ Rgxg7 32. Be2 Rgf7 33. Bd3 Kg7 34.
b4 axb4 35. axb4 Nf8 36. Rc4 Nh7 37. Kf3 Nf6 38. Rd4 g4+ 39. hxg4 Nxg4 40. e4
fxe4+ 41. Bxe4 h5 42. Rh1 Kh6 43. Kg2 Ne3+ 44. Kf3 Ng4 45. Rh4 Rg7 46. Rc4 Rg8
47. Rc1 Nf6 48. Bf5 Kg7 49. Ra1 Rge8 50. Be6 c6 51. Ra6 cxd5 52. f5 Rc7 53.
Rxb6 Rc3+ 54. Kf4 Ra8 55. Rxd6 Ra1 56. Ke5 Rd3 57. Rc6 Re1+ 58. Kd6 Rxg3 59. b5
Rb1 60. b6 Kh6 61. Kc7 Kg5 62. Rh2 Rgb3 63. Rg2+ Kf4 64. Bc8 Ne4 65. f6 Ke5 66.
Re6+ Kd4 67. f7 Rf3 68. Re7 Rc1+ 69. Kd7 Nc5+ 70. Ke8 Ne4 71. b7 Nd6+ 72. Kd7
Nxb7 73. Bxb7 Rcf1 74. Ke8 1-0

[Event "1st Women FIDE GP Series 2015/16"]
[Site "Monaco MNC"]
[Date "2015.10.08"]
[Round "5"]
[White "Muzychuk, Mariya"]
[Black "Muzychuk, Anna"]
[Result "1/2-1/2"]
[WhiteElo "2528"]
[BlackElo "2549"]
[PlyCount "65"]
[EventDate "2015.10.03"]

1. d4 Nf6 2. c4 g6 3. Nc3 d5 4. cxd5 Nxd5 5. e4 Nxc3 6. bxc3 Bg7 7. Nf3 c5 8.
Rb1 O-O 9. Be2 cxd4 10. cxd4 Qa5+ 11. Bd2 Qxa2 12. O-O Bg4 13. Bg5 h6 14. Be3
Nc6 15. d5 Na5 16. Bc5 b6 17. Bxe7 Rfe8 18. d6 Nc6 19. Bb5 Nxe7 20. h3 Bxf3 21.
Qxf3 Rec8 22. dxe7 Qe6 23. e8=Q+ Rxe8 24. Bxe8 Rxe8 25. Rfe1 Bf8 26. Qb3 Qxb3
27. Rxb3 Bc5 28. Kf1 a5 29. f3 a4 30. Rd3 a3 31. Rc1 Kg7 32. Rxc5 bxc5 33. Rxa3
1/2-1/2

[Event "1st Women FIDE GP Series 2015/16"]
[Site "Monaco MNC"]
[Date "2015.10.08"]
[Round "5"]
[White "Kosteniuk, Alexandra"]
[Black "Zhukova, Natalia"]
[Result "1/2-1/2"]
[WhiteElo "2530"]
[BlackElo "2482"]
[PlyCount "103"]
[EventDate "2015.10.03"]

1. c4 c6 2. d4 d5 3. cxd5 cxd5 4. Bf4 Nc6 5. e3 Nf6 6. Nc3 a6 7. Bd3 Bg4 8.
Nge2 e6 9. Rc1 Be7 10. Qb3 Na5 11. Qa4+ Nc6 12. a3 O-O 13. Ng3 Bh5 14. h4 Bg6
15. Be2 h6 16. h5 Bh7 17. O-O Ne8 18. b4 Bd6 19. Bxd6 Nxd6 20. Qb3 Qg5 21. Na4
Ne7 22. Nc5 Nef5 23. Nxf5 Nxf5 24. Qd1 Rac8 25. Bd3 Nh4 26. Bxh7+ Kxh7 27. g3
b6 28. Nd7 Rfd8 29. Qd3+ Kg8 30. Rxc8 Rxc8 31. Qxa6 Rd8 32. Ne5 f6 33. Ng6 Nf3+
34. Kg2 Qxh5 35. Nf4 Qg4 36. Qxb6 Re8 37. Qb5 Re7 38. Rc1 Kh7 39. Qe2 Nh4+ 40.
Kf1 Nf3 41. Rc6 e5 42. dxe5 fxe5 43. Qd3+ e4 44. Qxd5 Re5 45. Qf7 Rf5 46. Qg6+
Qxg6 47. Nxg6 Rd5 48. Kg2 Rd1 49. Nh4 Rg1+ 50. Kh3 Rh1+ 51. Kg2 Rg1+ 52. Kh3
1/2-1/2

[Event "1st Women FIDE GP Series 2015/16"]
[Site "Monaco MNC"]
[Date "2015.10.09"]
[Round "6"]
[White "Khademalsharieh, S."]
[Black "Koneru, H."]
[Result "0-1"]
[WhiteElo "2397"]
[BlackElo "2578"]
[PlyCount "62"]
[EventDate "2015.10.03"]

1. d4 d5 2. c4 e6 3. Nc3 Bb4 4. Nf3 dxc4 5. e4 b5 6. a4 c6 7. Bd2 a5 8. axb5
Bxc3 9. Bxc3 cxb5 10. b3 Nf6 11. Qb1 cxb3 12. Bxb5+ Bd7 13. Bxd7+ Nbxd7 14. e5
Nd5 15. Qxb3 a4 16. Qa3 Qe7 17. Bb2 N7b6 18. Qd3 Qb4+ 19. Qd2 Nc4 20. Qxb4 Nxb4
21. Bc3 Nc2+ 22. Ke2 Nxa1 23. Rxa1 O-O 24. Kd3 Rfc8 25. Bb4 Nb2+ 26. Kd2 a3 27.
Ra2 Nc4+ 28. Kd3 Ra4 29. Bc3 Nb6 30. Ne1 Nd5 31. Bd2 Rb8 0-1

[Event "1st Women FIDE GP Series 2015/16"]
[Site "Monaco MNC"]
[Date "2015.10.09"]
[Round "6"]
[White "Zhukova, N."]
[Black "Cramling, P."]
[Result "1-0"]
[WhiteElo "2482"]
[BlackElo "2513"]
[PlyCount "65"]
[EventDate "2015.10.03"]

1. Nf3 d5 2. c4 e6 3. d4 Nf6 4. Nc3 dxc4 5. e4 Bb4 6. Bxc4 Nxe4 7. O-O Nxc3 8.
bxc3 Be7 9. Re1 Nc6 10. h4 h6 11. Rb1 a6 12. Bd3 Rb8 13. Bc2 Bf6 14. Qd3 Ne7
15. h5 Nc6 16. Bf4 Bd7 17. c4 Be7 18. Bd2 b5 19. d5 bxc4 20. Qxc4 exd5 21. Qxd5
Rxb1 22. Bxb1 O-O 23. Bc3 Bd6 24. Qd3 f5 25. Qxa6 Kh7 26. Qc4 Ne7 27. Nd4 Qe8
28. Ne6 Bxe6 29. Qg4 Qf7 30. Rxe6 Kg8 31. Qc4 Rd8 32. Bc2 Kh7 33. Rxh6+ 1-0

[Event "1st Women FIDE GP Series 2015/16"]
[Site "Monaco MNC"]
[Date "2015.10.09"]
[Round "6"]
[White "Muzychuk, M."]
[Black "Kosteniuk, A."]
[Result "1/2-1/2"]
[WhiteElo "2528"]
[BlackElo "2530"]
[PlyCount "152"]
[EventDate "2015.10.03"]

1. e4 e5 2. Nf3 Nc6 3. Bc4 Bc5 4. c3 Nf6 5. d4 exd4 6. cxd4 Bb4+ 7. Bd2 Nxe4 8.
Bxb4 Nxb4 9. Bxf7+ Kxf7 10. Qb3+ Kf8 11. Qxb4+ Qe7 12. Qxe7+ Kxe7 13. O-O Kd8
14. Re1 Nf6 15. Nc3 a5 16. Rac1 Ra6 17. d5 Rf8 18. Ng5 Rb6 19. b3 h6 20. Nge4
Nxe4 21. Rxe4 Rb4 22. d6 c6 23. Rxb4 axb4 24. Na4 Rf5 25. Nc5 Rd5 26. Ne4 b6
27. f3 Ba6 28. a4 bxa3 29. Ra1 Ra5 30. b4 Ra4 31. Nc3 Rxb4 32. Rxa3 Bb7 33. Ra4
Rb3 34. Rf4 Ke8 35. Re4+ Kf8 36. Re7 Bc8 37. Ne4 Rd3 38. Kf2 c5 39. g4 c4 40.
Ke2 Rd5 41. h4 c3 42. Nxc3 Rxd6 43. Re5 Ba6+ 44. Kf2 Rd2+ 45. Kg3 Bc4 46. g5
hxg5 47. Rf5+ Kg8 48. Rxg5 Rd3 49. Ne4 b5 50. h5 Kf8 51. Rf5+ Ke7 52. Rg5 Kf7
53. Rf5+ Ke6 54. Rg5 Rd1 55. Kf4 Kf7 56. Rf5+ Kg8 57. Rg5 Kh7 58. Rg6 Rh1 59.
Rd6 Be6 60. Ng5+ Kh8 61. Nxe6 dxe6 62. Kg4 Rg1+ 63. Kh4 Re1 64. Rb6 Rb1 65.
Rxe6 b4 66. Rb6 b3 67. Kg5 b2 68. Kf5 Kg8 69. Rb7 Kf8 70. f4 Ke8 71. Rb3 Kd7
72. Rd3+ Kc6 73. Rd2 Kc5 74. Rg2 Kc4 75. Kg6 Kc3 76. Kxg7 Rf1 1/2-1/2

[Event "1st Women FIDE GP Series 2015/16"]
[Site "Monaco MNC"]
[Date "2015.10.09"]
[Round "6"]
[White "Muzychuk, A."]
[Black "Skripchenko, A."]
[Result "0-1"]
[WhiteElo "2549"]
[BlackElo "2441"]
[PlyCount "110"]
[EventDate "2015.10.03"]

1. e4 c5 2. Nf3 Nc6 3. Bb5 g6 4. Bxc6 dxc6 5. d3 Bg7 6. h3 Nf6 7. Nc3 b6 8. Bf4
Nd7 9. Qd2 h6 10. e5 Nf8 11. O-O Ne6 12. Ne4 Nxf4 13. Qxf4 Be6 14. Rad1 Qc7 15.
Rfe1 Rd8 16. d4 cxd4 17. Nxd4 Rxd4 18. Rxd4 Bxe5 19. Qd2 Bxd4 20. Qxd4 O-O 21.
Rd1 Qf4 22. f3 c5 23. Qa4 Qc7 24. Nc3 c4 25. Qb5 Kh7 26. a3 Rc8 27. Ne4 Qf4 28.
Qb4 Qc7 29. Qd2 Qe5 30. Qd4 Qb5 31. Kf2 Bf5 32. Re1 Be6 33. Rd1 Qh5 34. Qc3
Qh4+ 35. Ke3 Qh5 36. Kf2 Qb5 37. Qd4 a5 38. Qc3 Qc6 39. Qe5 b5 40. Ke3 Qb6+ 41.
Ke2 b4 42. axb4 axb4 43. h4 c3 44. b3 Qa6+ 45. Ke3 Qa7+ 46. Kf4 Qb6 47. Kg3 Ra8
48. h5 Rg8 49. hxg6+ Rxg6+ 50. Kh2 Rg8 51. Nc5 Rg5 52. Qe4+ Bf5 53. Qxe7 Qg6
54. Qe2 Bxc2 55. Rd8 Rxc5 0-1

[Event "1st Women FIDE GP Series 2015/16"]
[Site "Monaco MNC"]
[Date "2015.10.10"]
[Round "7"]
[White "Kosteniuk, Alexandra"]
[Black "Muzychuk, Anna"]
[Result "1/2-1/2"]
[WhiteElo "2530"]
[BlackElo "2549"]
[PlyCount "105"]
[EventDate "2015.10.03"]

1. e4 c5 2. Nf3 d6 3. d4 cxd4 4. Nxd4 Nf6 5. Nc3 g6 6. Be3 Bg7 7. f3 O-O 8. Qd2
Nc6 9. O-O-O d5 10. exd5 Nxd5 11. Nxc6 bxc6 12. Bd4 Bxd4 13. Qxd4 Qb6 14. Na4
Qc7 15. Bc4 Rd8 16. Rhe1 Qxh2 17. Bb3 Rd6 18. Rxe7 Be6 19. Nc3 Rad8 20. Bxd5
Bxd5 21. Rde1 Be6 22. Qe3 Qxg2 23. Ne4 Bf5 24. Qf4 Re6 25. Rxe6 fxe6 26. Qc7
Rf8 27. Qxc6 h5 28. Nd6 Qg5+ 29. Kb1 h4 30. Nxf5 exf5 31. Qc4+ Kg7 32. Qd4+ Qf6
33. Qxa7+ Rf7 34. Qb8 Re7 35. Rh1 g5 36. Qb4 Rd7 37. a4 Qd4 38. Qb5 Rd5 39.
Qb7+ Rd7 40. Qc6 Re7 41. a5 Qf2 42. Qc3+ Kf7 43. b4 Qe2 44. Qb3+ Kf6 45. f4 g4
46. Qc3+ Kf7 47. Kb2 h3 48. Ra1 h2 49. Qh8 Qe4 50. Qh7+ Kf8 51. Qh8+ Kf7 52.
Qh7+ Kf8 53. Qh8+ 1/2-1/2

[Event "1st Women FIDE GP Series 2015/16"]
[Site "Monaco MNC"]
[Date "2015.10.10"]
[Round "7"]
[White "Cramling, Pia"]
[Black "Muzychuk, Mariya"]
[Result "1/2-1/2"]
[WhiteElo "2513"]
[BlackElo "2528"]
[PlyCount "26"]
[EventDate "2015.10.03"]

1. Nf3 c5 2. c4 Nc6 3. Nc3 g6 4. e3 Nf6 5. d4 cxd4 6. exd4 d5 7. cxd5 Nxd5 8.
Qb3 e6 9. Bg5 Be7 10. Bh6 Bf8 11. Bg5 Be7 12. Bh6 Bf8 13. Bg5 Be7 1/2-1/2

[Event "1st Women FIDE GP Series 2015/16"]
[Site "Monaco MNC"]
[Date "2015.10.10"]
[Round "7"]
[White "Koneru, Humpy"]
[Black "Zhukova, Natalia"]
[Result "1-0"]
[WhiteElo "2578"]
[BlackElo "2482"]
[PlyCount "67"]
[EventDate "2015.10.03"]

1. d4 d5 2. c4 c6 3. Nc3 Nf6 4. e3 e6 5. Nf3 Nbd7 6. Qc2 Bd6 7. Bd3 O-O 8. O-O
dxc4 9. Bxc4 e5 10. Rd1 Qc7 11. h3 h6 12. Bb3 Re8 13. a3 a6 14. dxe5 Nxe5 15.
Nd4 Bf8 16. f4 Ned7 17. e4 Nc5 18. e5 Nxb3 19. Nxb3 Qb6+ 20. Kh2 Nd5 21. Nxd5
cxd5 22. Qd3 Bd7 23. Be3 Qb5 24. Qxd5 Qxd5 25. Rxd5 Bc6 26. Rd3 f6 27. exf6
gxf6 28. Rc1 Re4 29. Bc5 Bxc5 30. Rxc5 Rxf4 31. Nd4 Be4 32. Rg3+ Kh8 33. Rh5
Kh7 34. Ne6 1-0

[Event "1st Women FIDE GP Series 2015/16"]
[Site "Monaco MNC"]
[Date "2015.10.10"]
[Round "7"]
[White "Pogonina, Natalija"]
[Black "Khademalsharieh, Sarasadat"]
[Result "1-0"]
[WhiteElo "2445"]
[BlackElo "2397"]
[PlyCount "57"]
[EventDate "2015.10.03"]

1. e4 e5 2. Nf3 Nc6 3. Bb5 g6 4. c3 a6 5. Ba4 Bg7 6. d4 exd4 7. cxd4 b5 8. Bc2
d6 9. d5 Na5 10. O-O Ne7 11. Nbd2 O-O 12. Nb3 c5 13. Nxa5 Qxa5 14. h3 Bd7 15.
Bf4 Nc8 16. e5 Qc7 17. Re1 dxe5 18. Nxe5 Nd6 19. Qf3 Qb7 20. Nc6 Nc8 21. Rab1
Na7 22. Ne7+ Kh8 23. Be5 Bxe5 24. Rxe5 Qb6 25. Rbe1 Kg7 26. h4 Nc8 27. h5 Nxe7
28. Rxe7 Rae8 29. Qc3+ 1-0

[Event "1st Women FIDE GP Series 2015/16"]
[Site "Monaco MNC"]
[Date "2015.10.10"]
[Round "7"]
[White "Hou, Yifan"]
[Black "Dzagnidze, Nana"]
[Result "1-0"]
[WhiteElo "2671"]
[BlackElo "2573"]
[PlyCount "97"]
[EventDate "2015.10.03"]

1. e4 e6 2. d4 d5 3. Nc3 Bb4 4. Qd3 dxe4 5. Qxe4 Nf6 6. Qh4 c5 7. dxc5 Bxc3+ 8.
bxc3 Qa5 9. Qb4 Qc7 10. Nf3 O-O 11. Bf4 Qd8 12. Rd1 Nd5 13. Qa3 Bd7 14. Bd6 Re8
15. c4 Ne7 16. Bxb8 Rxb8 17. Ne5 Qc7 18. Nxd7 Rbd8 19. Qxa7 Rxd7 20. Rxd7 Qxd7
21. Be2 Nc6 22. Qa3 e5 23. O-O e4 24. Rd1 Qe7 25. Qe3 Qe5 26. c3 Ra8 27. Rd5
Qe6 28. Qd2 h6 29. h3 Qf6 30. Rd7 Rd8 31. Rxd8+ Nxd8 32. Bg4 Nc6 33. Bc8 Na5
34. Qd4 Qg5 35. Qxe4 g6 36. Qd4 h5 37. Bxb7 Nxb7 38. c6 Qe7 39. cxb7 Qxb7 40.
a4 Qb1+ 41. Kh2 Qb8+ 42. g3 Qc7 43. h4 Qc6 44. a5 Qa4 45. Qd5 Qc2 46. Kg2 Qa2
47. Qa8+ Kg7 48. a6 Qxc4 49. Qb7 1-0

[Event "Pokerstars International Open 2015"]
[Site "Douglas ENG"]
[Date "2015.10.10"]
[Round "8"]
[White "Williams, Simon K"]
[Black "Harika, Dronavalli"]
[Result "1-0"]
[WhiteElo "2429"]
[BlackElo "2516"]
[PlyCount "79"]
[EventDate "2015.10.03"]

1. d4 Nf6 2. c4 e6 3. Nf3 d5 4. Nc3 c6 5. Bg5 dxc4 6. e4 b5 7. e5 h6 8. Bh4 g5
9. Bg3 Nd5 10. Be2 Bb4 11. Rc1 Qa5 12. Qd2 Nd7 13. O-O Bb7 14. Qc2 Bxc3 15.
bxc3 c5 16. Nd2 cxd4 17. Ne4 d3 18. Nd6+ Ke7 19. Bxd3 cxd3 20. Qxd3 Qb6 21. c4
Nf4 22. Bxf4 gxf4 23. Nxb7 Nxe5 24. Qc3 Nxc4 25. Qb4+ Kf6 26. Rfd1 Rhg8 27. Nc5
Qc6 28. Nd7+ Kg7 29. Qe7 e5 30. Rxc4 Qxc4 31. Qxe5+ Kh7 32. Nf6+ Kg6 33. Nxg8
Rxg8 34. h4 Kh7 35. Rd6 Qc1+ 36. Kh2 f3 37. Qf5+ Kh8 38. Qf6+ Rg7 39. Rd8+ Kh7
40. Qf5+ 1-0

[Event "World Championship (rapid) 2015"]
[Site "Berlin GER"]
[Date "2015.10.10"]
[Round "2"]
[White "Lagno, Kateryna"]
[Black "Ladva, Ottomar"]
[Result "0-1"]
[WhiteElo "2523"]
[BlackElo "2423"]
[PlyCount "84"]
[EventDate "2015.10.10"]

1. Nf3 d5 2. g3 c6 3. Bg2 Bg4 4. O-O Nd7 5. h3 Bh5 6. d4 Ngf6 7. c4 e6 8. cxd5
exd5 9. Nh4 Bg6 10. Qb3 Nb6 11. Nc3 Be7 12. a4 a5 13. f4 Be4 14. Nxe4 Nxe4 15.
Nf5 Bf6 16. Bxe4 dxe4 17. e3 O-O 18. Bd2 Ra6 19. g4 g6 20. Ng3 Re8 21. f5 Qd5
22. Qc2 Bh4 23. Ne2 Qc4 24. Nc3 Nd5 25. b3 Qd3 26. Qxd3 exd3 27. Nxd5 cxd5 28.
Rac1 Bg5 29. fxg6 hxg6 30. Rfe1 Rae6 31. Red1 Bxe3+ 32. Bxe3 Rxe3 33. Kg2 Re2+
34. Kf1 d2 35. Rb1 Kg7 36. g5 f5 37. gxf6+ Kxf6 38. Kg1 Kf5 39. Rf1+ Ke4 40. b4
axb4 41. Rxb4 Re1 42. Rb1 Kxd4 0-1

[Event "World Championship (rapid) 2015"]
[Site "Berlin GER"]
[Date "2015.10.10"]
[Round "3"]
[White "Abel, Dennes"]
[Black "Lagno, Kateryna"]
[Result "1/2-1/2"]
[WhiteElo "2441"]
[BlackElo "2523"]
[PlyCount "149"]
[EventDate "2015.10.10"]

1. d4 Nf6 2. c4 g6 3. Nc3 d5 4. Bg5 Ne4 5. Bh4 Nxc3 6. bxc3 dxc4 7. e3 Bg7 8.
Bxc4 c5 9. Nf3 O-O 10. O-O Nc6 11. Qe2 Qc7 12. Rac1 e5 13. Bg3 Qe7 14. dxe5 Bg4
15. h3 Bxf3 16. Qxf3 Bxe5 17. Bd5 Bxg3 18. Qxg3 Rad8 19. Rcd1 Kg7 20. e4 f5 21.
exf5 Rxf5 22. Bxc6 bxc6 23. Rxd8 Qxd8 24. Qe3 Qd5 25. Qe7+ Rf7 26. Qe2 Rd7 27.
Re1 h5 28. h4 Qf5 29. g3 Qf6 30. Qe3 c4 31. a4 a6 32. Kg2 Rf7 33. Qe5 c5 34.
Qxf6+ Kxf6 35. Re4 Rd7 36. Rxc4 Rd5 37. Kf3 Ke6 38. Ke3 Kd6 39. Rf4 Ke7 40.
Re4+ Kf6 41. Re8 c4 42. Ke2 Ra5 43. Ke3 Rxa4 44. Kd4 Ra2 45. Rf8+ Ke7 46. Rf4
a5 47. Kxc4 Rb2 48. Kc5 Rb3 49. Rc4 Rb2 50. Rf4 Rb3 51. Kc4 a4 52. Kd3 a3 53.
Ra4 Rb2 54. Rxa3 Rxf2 55. Ke3 Rc2 56. Ra7+ Kf6 57. Rc7 Kf5 58. Rc4 Rc1 59. Rf4+
Ke5 60. Re4+ Kf5 61. Rf4+ Ke5 62. Kd3 Rd1+ 63. Ke2 Ra1 64. Rb4 Rc1 65. Kd2 Rg1
66. Rb5+ Ke4 67. Rg5 Rg2+ 68. Ke1 Rc2 69. Rxg6 Rxc3 70. Kf2 Rc2+ 71. Kg1 Kf3
72. Rg5 Rg2+ 73. Kh1 Rb2 74. Kg1 Rg2+ 75. Kh1 1/2-1/2

[Event "World Championship (rapid) 2015"]
[Site "Berlin GER"]
[Date "2015.10.10"]
[Round "4"]
[White "Lagno, Kateryna"]
[Black "Schneider, Ilja"]
[Result "1-0"]
[WhiteElo "2523"]
[BlackElo "2481"]
[PlyCount "71"]
[EventDate "2015.10.10"]

1. Nf3 d5 2. g3 c6 3. Bg2 Bg4 4. O-O e6 5. h3 Bh5 6. c4 Nf6 7. d4 Be7 8. Nc3
O-O 9. Qb3 Qb6 10. Ne5 Nbd7 11. g4 Bg6 12. g5 Nxe5 13. gxf6 Bxf6 14. dxe5 Bxe5
15. cxd5 cxd5 16. Qxb6 axb6 17. Bd2 Rfc8 18. Rfc1 Rc4 19. e3 h5 20. a3 Bf5 21.
Nd1 Rc6 22. f4 Bf6 23. Rxc6 bxc6 24. Rc1 c5 25. Bc3 Be7 26. Nf2 Bh4 27. e4
Bxf2+ 28. Kxf2 Bxe4 29. Bxe4 dxe4 30. Rd1 b5 31. Ke3 f6 32. Rd7 Rb8 33. Kxe4 b4
34. axb4 cxb4 35. Bd4 Rb5 36. Re7 1-0

[Event "World Championship (rapid) 2015"]
[Site "Berlin GER"]
[Date "2015.10.10"]
[Round "5"]
[White "Bezold, Michael"]
[Black "Lagno, Kateryna"]
[Result "0-1"]
[WhiteElo "2509"]
[BlackElo "2523"]
[PlyCount "104"]
[EventDate "2015.10.10"]

1. c4 g6 2. g3 Bg7 3. Bg2 c5 4. Nc3 Nc6 5. d3 e6 6. Bxc6 dxc6 7. f4 e5 8. fxe5
Bxe5 9. Nf3 Bg7 10. Be3 Qe7 11. Qd2 Nf6 12. h3 h6 13. g4 Be6 14. Bf4 O-O-O 15.
Qe3 g5 16. Bg3 b6 17. O-O-O Kb7 18. Kc2 Rhe8 19. Rhf1 Nh7 20. Nd2 Nf8 21. Nde4
Ng6 22. Qf2 Bd4 23. Qh2 Rh8 24. Nd6+ Ka6 25. Nce4 h5 26. Nf5 Qd7 27. Nxd4 Qxd4
28. Nxg5 hxg4 29. h4 b5 30. Bf2 Qe5 31. Qxe5 Nxe5 32. b3 bxc4 33. bxc4 Bf5 34.
Kc3 Bg6 35. Rd2 Nd7 36. Rb1 Nb6 37. Rg1 Bh5 38. Bxc5 Nd7 39. Bd4 Rhe8 40. Ne4
f5 41. Nd6 Re6 42. c5 f4 43. Rb2 g3 44. Ne4 Rb8 45. Rxb8 Nxb8 46. Rb1 Nd7 47.
Rb4 Bxe2 48. Nd6 Bd1 49. Kd2 Re2+ 50. Kxd1 Rxa2 51. Rb7 f3 52. Rxd7 g2 0-1

[Event "1st Women FIDE GP Series 2015/16"]
[Site "Monaco MNC"]
[Date "2015.10.11"]
[Round "8"]
[White "Kosteniuk, A."]
[Black "Cramling, P."]
[Result "1/2-1/2"]
[WhiteElo "2530"]
[BlackElo "2513"]
[PlyCount "69"]
[EventDate "2015.10.03"]

1. e4 c5 2. Nf3 e6 3. d4 cxd4 4. Nxd4 Nc6 5. Nc3 Nf6 6. Ndb5 Bb4 7. a3 Bxc3+ 8.
Nxc3 d5 9. exd5 Nxd5 10. Ne4 f5 11. Ng5 O-O 12. Bc4 h6 13. Nf3 Nb6 14. Ba2 Qf6
15. Qe2 Kh7 16. h4 Bd7 17. c4 Nd4 18. Nxd4 Qxd4 19. Be3 Qe5 20. O-O-O Rac8 21.
f4 Qc7 22. Kb1 Bc6 23. Ka1 Be4 24. Rhg1 Rfd8 25. Rc1 Qd7 26. c5 Nd5 27. Bd2 Qe7
28. Qf2 Nf6 29. Ba5 Rd7 30. Rge1 Bd5 31. Bb4 Qf7 32. Bb1 Be4 33. Ba2 Bd5 34.
Bb1 Be4 35. Ba2 1/2-1/2

[Event "1st Women FIDE GP Series 2015/16"]
[Site "Monaco MNC"]
[Date "2015.10.11"]
[Round "8"]
[White "Dzagnidze, N."]
[Black "Skripchenko, A."]
[Result "1-0"]
[WhiteElo "2573"]
[BlackElo "2441"]
[PlyCount "99"]
[EventDate "2015.10.03"]

1. d4 Nf6 2. c4 e6 3. Nf3 Nc6 4. g3 Bb4+ 5. Bd2 Qe7 6. Bg2 Bxd2+ 7. Nbxd2 d6 8.
O-O O-O 9. a3 a5 10. Qc2 Bd7 11. b3 h6 12. e3 Rfc8 13. Rfc1 Qe8 14. Qb2 e5 15.
d5 Ne7 16. e4 c6 17. Ne1 cxd5 18. cxd5 b5 19. Nd3 Qd8 20. b4 a4 21. Nxe5 dxe5
22. Qxe5 Be8 23. Nf1 Nd7 24. Qb2 f6 25. Ne3 Qb6 26. Bh3 Rd8 27. Be6+ Kh8 28.
Bxd7 Bxd7 29. Rc5 Ng6 30. f4 Qd6 31. Ng2 Re8 32. Re1 Re7 33. h4 Kg8 34. h5 Rae8
35. hxg6 Rxe4 36. Rxe4 Rxe4 37. Qc2 f5 38. Nh4 Qe7 39. Kf2 Qd6 40. Qd3 Kf8 41.
Qc3 Qe7 42. Rc7 Re2+ 43. Kf1 Ra2 44. Qe5 Rxa3 45. Rb7 Re3 46. Qxe7+ Rxe7 47. d6
Re8 48. Rxd7 Ra8 49. Nxf5 a3 50. Rf7+ 1-0